1992/1993 top scorer by Prem team - Statistics

General Stats
  • This quiz has been taken 9 times
  • The average score is 11 of 24
Answer Stats
Team Number of goals Player % Correct
Arsenal 15 Ian Wright
100%
Liverpool 14 Ian Rush
83%
Blackburn Rovers 16 Alan Shearer
67%
Leeds United 15 Lee Chapman
67%
Queens Park Rangers 20 Les Ferdinand
67%
Manchester United 15 Mark Hughes
67%
Southampton 15 Matt Le Tissier
67%
Aston Villa 13 Dean Saunders
50%
Sheffield Wednesday 11 Mark Bright
50%
Coventry City 17 Mick Quinn
50%
Tottenham Hotspur 21 Teddy Sheringham
50%
Sheffield United 15 Brian Deane
33%
Crystal Palace 15 Chris Armstrong
33%
. . David Hirst
33%
Manchester City 16 David White
33%
Wimbledon 19 Dean Holdsworth
33%
. . Graham Stuart
33%
Norwich City 14 Mark Robins
33%
Chelsea 9 Mick Harford
33%
Nottingham Forest 10 Nigel Clough
33%
Everton 12 Tony Cottee
33%
Ipswich Town 10 Chris Kiwomya
17%
Oldham Athletic 12 Ian Olney
17%
Middlesbrough 13 Paul Wilkinson
17%
No matching quizzes found
Score Distribution
Percent of People with Each Score
Percentile by Number Answered
Your Score History
You have not taken this quiz